[Event "Dimitrovgrad-ch"]
[Site "Dimitrovgrad"]
[Date "2012.02.20"]
[Round "2"]
[White "Ishpulaev, Ivan"]
[Black "Ulanov, Sergei"]
[Result "0-1"]
[WhiteElo "1498"]
[BlackElo "2132"]
[PlyCount "46"]
[EventDate "2012.02.19"]
[EventType "swiss"]
[EventRounds "9"]
[EventCountry "RUS"]
[SourceTitle "CBM 147 Extra"]
[Source "ChessBase"]
[SourceDate "2012.04.24"]
[SourceVersion "1"]
[SourceVersionDate "2012.04.24"]
[SourceQuality "1"]

1. e4 c5 2. f4 d5 3. exd5 Qxd5 4. Nc3 Qd8 5. Nf3 Nf6 6. Bc4 Nc6 7. 0-0 Bg4 8. d3 e6 9. b3 a6 10. a4 Nd4 11. Be3 Bxf3 12. Rxf3 Nxf3+ 13. Qxf3 Qc7 14. Re1 Be7 15. Qg3 0-0 16. d4 Rad8 17. Rd1 cxd4 18. Bxd4 Rxd4 19. Rxd4 Bc5 20. Qd3 Qxf4 21. Ne2 Bxd4+ 22. Nxd4 Ng4 23. g3 Qf2+ 0-1

[Event "Dimitrovgrad-ch"]
[Site "Dimitrovgrad"]
[Date "2012.02.19"]
[Round "1"]
[White "Ulanov, Sergei"]
[Black "Alyev, Timur"]
[Result "0-1"]
[WhiteElo "2132"]
[BlackElo "1667"]
[PlyCount "93"]
[EventDate "2012.02.19"]
[EventType "swiss"]
[EventRounds "9"]
[EventCountry "RUS"]
[SourceTitle "CBM 147 Extra"]
[Source "ChessBase"]
[SourceDate "2012.04.24"]
[SourceVersion "1"]
[SourceVersionDate "2012.04.24"]
[SourceQuality "1"]

1. e4 e5 2. Bc4 Nf6 3. Nc3 c6 4. d4 Bb4 5. dxe5 Qa5 6. exf6 Bxc3+ 7. Bd2 Bxd2+ 8. Qxd2 Qxd2+ 9. Kxd2 gxf6 10. Ne2 b5 11. Bb3 Na6 12. a4 bxa4 13. Bxa4 Nc5 14. Ke3 0-0 15. Rhd1 Re8 16. f3 f5 17. b4 Nxa4 18. Rxa4 fxe4 19. f4 d5 20. Nd4 Bd7 21. Ra5 Rab8 22. c3 Rb7 23. Rda1 Ra8 24. Nb3 Rc7 25. Kd4 Kf8 26. Kc5 Ke7 27. Nd4 Rb8 28. Rxa7 Rcc8 29. Nf5+ Ke6 30. Nd6 Rb5+ 31. Nxb5 cxb5+ 32. Kb6 Rxc3 33. R7a3 Rc4 34. Ka5 d4 35. Re1 Kd5 36. g4 d3 37. f5 Kd4 38. Rd1 Ke3 39. Kb6 Rc6+ 40. Kb7 Ke2 41. Rg1 Rc4 42. Ra2+ Ke3 43. Rg3+ Kd4 44. Rh3 Rc2 45. Ra7 d2 46. Kb6 Rc6+ 47. Ka5 0-1

[Event "Dimitrovgrad Petrosian Memorial op"]
[Site "Dimitrovgrad"]
[Date "2011.07.02"]
[Round "7"]
[White "Beldyugin, Alexey"]
[Black "Ulanov, Sergei"]
[Result "1-0"]
[WhiteElo "2025"]
[BlackElo "2143"]
[PlyCount "91"]
[EventDate "2011.06.18"]
[EventType "swiss"]
[EventRounds "9"]
[EventCountry "RUS"]
[SourceTitle "EXT 2012"]
[Source "ChessBase"]
[SourceDate "2011.11.24"]
[SourceVersion "1"]
[SourceVersionDate "2011.11.24"]
[SourceQuality "1"]

1. d4 e6 2. c4 f5 3. Nc3 Nf6 4. g3 d5 5. Bg2 c6 6. cxd5 exd5 7. Nf3 Bd6 8. Ne5 Qe7 9. f4 0-0 10. 0-0 Bd7 11. Qb3 Be8 12. e4 fxe4 13. Nxe4 Nxe4 14. Bxe4 Qc7 15. Be3 Qb6 16. Bc2 Qxb3 17. Bxb3 Nd7 18. g4 g5 19. Rae1 gxf4 20. Bxf4 Nxe5 21. dxe5 Bb4 22. Re2 Bg6 23. Bc2 Bxc2 24. Rxc2 Rae8 25. Re2 Re6 26. h4 Rfe8 27. a3 Ba5 28. b4 Bc7 29. Rfe1 Kf7 30. Kg2 Rg8 31. Kf3 Ke8 32. g5 Kd7 33. Kg4 a5 34. h5 axb4 35. axb4 Ra8 36. Kf5 Bd8 37. Be3 Be7 38. Bc5 Rf8+ 39. Kg4 Rg8 40. Bxe7 Rxe7 41. Rf2 Rge8 42. g6 h6 43. Rf7 Ke6 44. Rf6+ Kd7 45. Kf5 Rg7 46. Rf7+ 1-0

[Event "Dimitrovgrad Petrosian Memorial op"]
[Site "Dimitrovgrad"]
[Date "2011.06.26"]
[Round "6"]
[White "Ulanov, Alexandr"]
[Black "Ulanov, Sergei"]
[Result "1-0"]
[WhiteElo "2406"]
[BlackElo "2143"]
[PlyCount "25"]
[EventDate "2011.06.18"]
[EventType "swiss"]
[EventRounds "9"]
[EventCountry "RUS"]
[SourceTitle "EXT 2012"]
[Source "ChessBase"]
[SourceDate "2011.11.24"]
[SourceVersion "1"]
[SourceVersionDate "2011.11.24"]
[SourceQuality "1"]

1. d4 Nf6 2. Nf3 g6 3. c4 Bg7 4. Nc3 0-0 5. e4 d6 6. Be2 Nc6 7. 0-0 Bg4 8. Be3 e5 9. d5 Ne7 10. c5 Nh5 11. h3 Bxf3 12. Bxf3 Nf4 13. g3 1-0

[Event "Dimitrovgrad Petrosian Memorial op"]
[Site "Dimitrovgrad"]
[Date "2011.06.18"]
[Round "1"]
[White "Ulanov, Sergei"]
[Black "Kurjaeva, Anastasiya"]
[Result "1-0"]
[WhiteElo "2143"]
[BlackElo "1720"]
[PlyCount "61"]
[EventDate "2011.06.18"]
[EventType "swiss"]
[EventRounds "9"]
[EventCountry "RUS"]
[SourceTitle "EXT 2012"]
[Source "ChessBase"]
[SourceDate "2011.11.24"]
[SourceVersion "1"]
[SourceVersionDate "2011.11.24"]
[SourceQuality "1"]

1. d4 d5 2. c4 c6 3. Nc3 Nf6 4. Nf3 Bf5 5. Qb3 b6 6. Ne5 e6 7. Bg5 Be7 8. e3 0-0 9. Be2 Qc7 10. g4 Bg6 11. h4 h6 12. Nxg6 fxg6 13. Bf4 Bd6 14. Bxd6 Qxd6 15. Qc2 Kf7 16. 0-0-0 Nbd7 17. f4 Rfc8 18. g5 Ng8 19. h5 Ne7 20. hxg6+ Nxg6 21. Bh5 Ndf8 22. Rdg1 e5 23. dxe5 Qc5 24. Rh3 Ke7 25. Bxg6 Ne6 26. Rhg3 Qxc4 27. gxh6 gxh6 28. Bf5 d4 29. Bxe6 Kxe6 30. Qg6+ Kd7 31. Qd6+ 1-0

[Event "Dimitrovgrad op"]
[Site "Dimitrovgrad"]
[Date "2008.08.06"]
[Round "3"]
[White "Egorova, Natalia"]
[Black "Ulanov, Sergei"]
[Result "0-1"]
[WhiteElo "1682"]
[BlackElo "2120"]
[PlyCount "82"]
[EventDate "2008.08.05"]
[EventType "swiss"]
[EventRounds "9"]
[EventCountry "RUS"]
[SourceTitle "EXT 2022"]
[Source "ChessBase"]
[SourceDate "2021.10.06"]
[SourceVersion "1"]
[SourceVersionDate "2021.10.06"]
[SourceQuality "1"]

1. e4 c5 2. Nf3 Nc6 3. d4 cxd4 4. Nxd4 e5 5. Nf3 Nf6 6. Bd3 d5 7. Nc3 Bb4 8. Bg5 dxe4 9. Bxf6 Qxf6 10. Bxe4 Bxc3+ 11. bxc3 0-0 12. 0-0 Bf5 13. Qe2 Bxe4 14. Qxe4 Rac8 15. Rab1 b6 16. Rfe1 Rfe8 17. Qd5 Qe6 18. Qxe6 Rxe6 19. Re3 f6 20. Nd2 Kf7 21. f3 Na5 22. Nb3 Nc4 23. Rd3 Rc7 24. Kf2 Rec6 25. Rbd1 Ke7 26. Re1 Nb2 27. Rd2 Kf7 28. Rb1 Na4 29. Rbd1 Nxc3 30. Rd7+ Kg6 31. Rxc7 Nxd1+ 32. Ke1 Rxc7 33. Kxd1 Rc4 34. Kd2 Ra4 35. Nc1 Ra3 36. c3 f5 37. Kc2 Ra5 38. Kb3 Rd5 39. Kc2 e4 40. fxe4 fxe4 41. Ne2 Rf5 0-1

[Event "Dimitrovgrad Petrosian Memorial op"]
[Site "Dimitrovgrad"]
[Date "2008.06.02"]
[Round "2"]
[White "Ulanov, Sergei"]
[Black "Alachihin, Vladimir"]
[Result "0-1"]
[WhiteElo "2218"]
[BlackElo "2104"]
[PlyCount "58"]
[EventDate "2008.06.01"]
[EventType "swiss"]
[EventRounds "9"]
[EventCountry "RUS"]
[SourceTitle "CBM 124 Extra"]
[Source "ChessBase"]
[SourceDate "2008.07.03"]
[SourceVersion "1"]
[SourceVersionDate "2008.07.03"]
[SourceQuality "1"]

1. e4 e5 2. Nf3 Nf6 3. Nxe5 d6 4. Nf3 Nxe4 5. Nc3 Nxc3 6. dxc3 Be7 7. Bf4 Nc6 8. Qd2 Bg4 9. 0-0-0 0-0 10. Bd3 Bf6 11. Rde1 Bxf3 12. gxf3 Ne5 13. Be2 Rb8 14. Be3 b5 15. f4 Nd7 16. Kb1 a5 17. Qd5 Nb6 18. Qf5 b4 19. Bd3 g6 20. Qxa5 bxc3 21. b3 c5 22. Rd1 Ra8 23. Qb5 Nd5 24. Bc1 Ra5 25. Qb7 Rxa2 26. Kxa2 Qa5+ 27. Kb1 Nb4 28. Qxb4 Qxb4 29. Rhe1 d5 0-1

[Event "Nizhnij Novgorod-ch 60th"]
[Site "Nizhnij Novgorod"]
[Date "2008.04.??"]
[Round "?"]
[White "Ulanov, Sergei"]
[Black "Gorozhanin, Mikhail"]
[Result "1-0"]
[WhiteElo "2218"]
[BlackElo "1748"]
[PlyCount "153"]
[EventDate "2008.03.??"]
[EventType "swiss"]
[EventRounds "9"]
[EventCountry "RUS"]
[SourceTitle "EXT 2010"]
[Source "ChessBase"]
[SourceDate "2010.11.25"]
[SourceVersion "1"]
[SourceVersionDate "2010.11.25"]
[SourceQuality "1"]

1. d4 Nf6 2. c4 g6 3. Nc3 d5 4. Bg5 Ne4 5. Nxe4 dxe4 6. e3 c6 7. Bf4 Bg7 8. Qc2 Bf5 9. Ne2 Nd7 10. Nc3 Qa5 11. Be2 e5 12. dxe5 Nxe5 13. 0-0 Nd3 14. g4 Nxb2 15. Qxb2 Bxc3 16. Qxb7 0-0 17. Rac1 Be6 18. Qxc6 Qxa2 19. Bd1 Bg7 20. Qxe4 Rac8 21. c5 Rfe8 22. Qb7 Bc4 23. Rxc4 Qxc4 24. Bb3 Qe4 25. Bxf7+ Kh8 26. Bd5 Qa4 27. c6 Qa5 28. c7 Qc5 29. Bc6 Rf8 30. Rd1 Be5 31. Bxe5+ Qxe5 32. Qxa7 Rxc7 33. Qb6 Rcf7 34. f4 Qg7 35. Qd4 Rf6 36. Bf3 g5 37. f5 h5 38. h3 Qc7 39. gxh5 Qg3+ 40. Bg2 Kh7 41. Qe4 Kh6 42. Rf1 Rd8 43. Qe7 Rdd6 44. e4 Rb6 45. Kh1 g4 46. hxg4 Qxg4 47. Qe8 Kg7 48. Qe7+ Rf7 49. Qe5+ Rbf6 50. Rf3 Kh7 51. Rg3 Qd1+ 52. Kh2 Rh6 53. Bf3 Qe1 54. Qf4 Qf2+ 55. Kh3 Qf1+ 56. Kh4 Qf2 57. Qg4 Qh2+ 58. Qh3 Qd2 59. Rg2 Qd8+ 60. Kg3 Qd6+ 61. Kf2 Qd4+ 62. Kf1 Qd3+ 63. Kg1 Qd4+ 64. Kh2 Rg7 65. Rxg7+ Qxg7 66. Qg3 Qxg3+ 67. Kxg3 Kg7 68. Kf4 Kf7 69. Kg5 Kg7 70. e5 Ra6 71. f6+ Kf8 72. h6 Kg8 73. Bd5+ Kh8 74. Be4 Kg8 75. Bf5 Rb6 76. e6 Rb7 77. e7 1-0

[Event "Voronezh op-B 11th"]
[Site "Voronezh"]
[Date "2007.06.19"]
[Round "8"]
[White "Travkina, Anastasia"]
[Black "Ulanov, Sergei"]
[Result "1/2-1/2"]
[WhiteElo "2029"]
[BlackElo "2225"]
[PlyCount "73"]
[EventDate "2007.06.12"]
[EventType "swiss"]
[EventRounds "9"]
[EventCountry "RUS"]
[SourceTitle "EXT 2010"]
[Source "ChessBase"]
[SourceDate "2010.11.25"]
[SourceVersion "1"]
[SourceVersionDate "2010.11.25"]
[SourceQuality "1"]

1. e4 d5 2. exd5 Qxd5 3. Nc3 Qe6+ 4. Be2 Qg6 5. Bf3 Nf6 6. h3 c6 7. Nge2 e5 8. d4 Bd6 9. dxe5 Bxe5 10. Nf4 Qf5 11. Nd3 Bc7 12. Qe2+ Qe6 13. Be3 0-0 14. 0-0-0 Qc4 15. Nf4 Qxe2 16. Ncxe2 Nbd7 17. g4 Ne5 18. Bg2 Re8 19. Rhe1 Ng6 20. Nxg6 hxg6 21. Nf4 Bxf4 22. Bxf4 Be6 23. Bg3 Bd5 24. Bxd5 Nxd5 25. c4 Nb6 26. b3 f6 27. a4 Rxe1 28. Rxe1 Kf7 29. Rd1 Ke7 30. Re1+ Kd7 31. Rd1+ Ke6 32. Re1+ Kf7 33. Rd1 Re8 34. a5 Nc8 35. Rd7+ Re7 36. Rd8 Re8 37. Rd7+ 1/2-1/2